000
00284nam a22001337a 4500
020
_a
978-1-786-33089-5
082
_a
158
_b
GRA/I
100
_a
GARCIA,HECTOR
245
_a
IKIGAI
260
_a
UK
_b
PENGUIN BOOKS
300
_a
185
650
_a
PERSONALITY DEVELOPMENT
_z
UK
942
_c
BK
999
_c
5770
_d
5770